Nem termett babér a felvidéki csapatoknak

Bibliographic Details
Main Author: Palágyi, Lajos, 1941- (Author)
Format: Article
Language:Hungarian
Slovak
PhysicalDescription:Fotogr.
ISSN:1336-3638
Subjects:

MARC

LEADER 00000nab a2200000 a 4500
001 vtls011703215
003 SK-MaSNL
005 20260319070912.0
008 170718|2017 xo w| 000 0|hun
015 |a SNBRB2017/07 
038 |a DSZK 
040 |a DSZK  |b slo  |c DSZK  |e AACR2 
041 |a hun  |a slo 
044 |a xo  |c SK 
080 |a 796.332.093.4  |x (4)  |2 2011 
100 1 |a Palágyi, Lajos,  |d 1941-  |4 aut  |9 840450 
245 1 0 |a Nem termett babér a felvidéki csapatoknak  |c Palágyi Lajos 
300 |b Fotogr. 
610 2 7 |a FC Csicsó  |2 dszk  |9 1086326 
611 2 7 |a International football Grand Prix seniors  |n (11. :  |d 2017 :  |c Bruntál, Česko)  |2 dszk  |9 1089102 
648 7 |a 2017  |2 dszk  |9 347966 
650 0 7 |a futbal  |2 SNKPH  |9 3291 
650 0 7 |a starí páni  |2 dszk  |9 1088887 
651 7 |a Dunajská Streda (Slovensko)  |2 SNKPH  |9 17375 
651 7 |a Bruntál (Česko)  |2 SNKPH  |9 60265 
773 0 |t Csallóköz=Žitný ostrov  |g Évf. 57, sz. 27 (2017), o. 44  |x 1336-3638 
852 |a DSZK  |b KIS3GCP 
856 |a http://www.csallokoz.sk 
958 |a SK 
958 |a HU 
999 |c 1790290  |d 1792220